LIBRARY & INFORMATION CENTRE, KCAET, TAVANUR

ONLINE PUBLIC ACCESS CATALOGUE (OPAC)

Indeterminate structural analysis / (Record no. 9231)

MARC details
000 -LEADER
fixed length control field 00386cam a2200145ua 4500
003 - CONTROL NUMBER IDENTIFIER
control field OSt
008 - FIXED-LENGTH DATA ELEMENTS--GENERAL INFORMATION
fixed length control field 250602b |||||||| |||| 00| 0 eng d
041 ## - LANGUAGE CODE
Language code of text/sound track or separate title eng
082 ## - DEWEY DECIMAL CLASSIFICATION NUMBER
Classification number 624.171
Item number KIN/IN
100 ## - MAIN ENTRY--AUTHOR NAME
Personal name Kinney, Sterling J .
245 ## - TITLE STATEMENT
Title Indeterminate structural analysis /
260 ## - PUBLICATION, DISTRIBUTION, ETC. (IMPRINT)
Place of publication New Delhi :
Name of publisher Oxford & IBH Publishing company ,
Year of publication 1957.
300 ## - PHYSICAL DESCRIPTION
Number of Pages 655 ; .
942 ## - ADDED ENTRY ELEMENTS (KOHA)
Koha item type Books
Holdings
Withdrawn status Lost status Damaged status Home library Current library Date acquired Full call number Accession Number Koha item type
      KAUAET KAUAET 07/04/2012 624.171 KIN/IN 14663 Books
      KAUAET KAUAET 07/04/2012 624.171 KIN/IN 16757 Books
free website counter